000 00305nam a22001337a 4500
008 180205b xxu||||| |||| 00| 0 eng d
020 _a9780536196880
041 _aeng
080 _a004
100 _a32
101 _ashk
245 _athe prentice hall custom program
_cjames.p
942 _2udc
_cBK
999 _c41716
_d41716